[Event "SVK-chT3A2 2223"]
[Site "Slovakia"]
[Date "2022.12.04"]
[Round "3.4"]
[White "Palka, Martin"]
[Black "Hrubos, Milan"]
[Result "1/2-1/2"]
[WhiteElo "1839"]
[BlackElo "1699"]
[PlyCount "40"]
[EventDate "2022.10.16"]
[EventType "team-tourn"]
[EventRounds "9"]
[EventCountry "SVK"]
[SourceTitle "EXT 2024"]
[Source "ChessBase"]
[SourceDate "2023.10.10"]
[SourceVersion "1"]
[SourceVersionDate "2023.10.10"]
[SourceQuality "1"]
[WhiteTeam "Senica SK"]
[BlackTeam "Holic"]
[WhiteTeamCountry "SVK"]
[BlackTeamCountry "SVK"]

1. e4 c5 2. Nf3 d6 3. d4 cxd4 4. Nxd4 Nf6 5. Nc3 e5 6. Bb5+ Bd7 7. Bxd7+ Qxd7 8. Nf5 Nxe4 9. Nxg7+ Bxg7 10. Nxe4 d5 11. Nc3 d4 12. Ne2 Nc6 13. 0-0 0-0-0 14. Qd3 f5 15. Qc4 Qd5 16. Qxd5 Rxd5 17. Bd2 f4 18. Rfe1 Rg8 19. Kf1 h5 20. Ng1 Rd7 1/2-1/2

[Event "SVK-chT3A2 1819"]
[Site "Slovakia"]
[Date "2019.03.24"]
[Round "11.3"]
[White "Lackovic, Marek"]
[Black "Hrubos, Milan"]
[Result "1/2-1/2"]
[WhiteElo "1625"]
[BlackElo "1722"]
[PlyCount "40"]
[EventDate "2018.10.07"]
[EventType "team-tourn"]
[EventRounds "11"]
[EventCountry "SVK"]
[SourceTitle "EXT 2020"]
[Source "ChessBase"]
[SourceDate "2019.10.17"]
[SourceVersion "1"]
[SourceVersionDate "2019.10.17"]
[SourceQuality "1"]
[WhiteTeam "Trnava Lokomotiva III"]
[BlackTeam "Holic"]
[WhiteTeamCountry "SVK"]
[BlackTeamCountry "SVK"]

1. e4 c5 2. Nf3 Nc6 3. d4 cxd4 4. Nxd4 e5 5. Nb5 d6 6. N1c3 Nf6 7. Bg5 Be6 8. Bxf6 gxf6 9. Nd5 Bxd5 10. Qxd5 a6 11. Na3 Qc7 12. c3 Ne7 13. Qd2 Rd8 14. Bc4 Ng6 15. Bd5 Nf4 16. g3 Nxd5 17. Qxd5 Qc6 18. Rd1 h5 19. Nc2 Qxd5 20. Rxd5 h4 1/2-1/2

[Event "SVK-chT3A2 1819"]
[Site "Slovakia"]
[Date "2019.03.10"]
[Round "10.4"]
[White "Hrubos, Milan"]
[Black "Skapik, Branislav"]
[Result "1/2-1/2"]
[WhiteElo "1722"]
[BlackElo "1780"]
[PlyCount "144"]
[EventDate "2018.10.07"]
[EventType "team-tourn"]
[EventRounds "11"]
[EventCountry "SVK"]
[SourceTitle "EXT 2020"]
[Source "ChessBase"]
[SourceDate "2019.10.17"]
[SourceVersion "1"]
[SourceVersionDate "2019.10.17"]
[SourceQuality "1"]
[WhiteTeam "Holic"]
[BlackTeam "Senica CVC"]
[WhiteTeamCountry "SVK"]
[BlackTeamCountry "SVK"]

1. e4 d5 2. exd5 Nf6 3. Nc3 Nxd5 4. d4 e6 5. a3 c5 6. Nf3 Nc6 7. Bb5 Nxc3 8. bxc3 Qb6 9. Bxc6+ Qxc6 10. 0-0 Bd6 11. Be3 0-0 12. Qe2 b6 13. Rfd1 Bb7 14. a4 Rac8 15. Rdc1 Qe4 16. a5 e5 17. axb6 axb6 18. dxe5 Bxe5 19. Ra3 Rfe8 20. h3 f5 21. Qd3 Qxd3 22. cxd3 Bxf3 23. gxf3 f4 24. Bd2 Red8 25. d4 cxd4 26. cxd4 Rxc1+ 27. Bxc1 Rxd4 28. Ra8+ Kf7 29. Ba3 Rd1+ 30. Kg2 Ra1 31. Rf8+ Kg6 32. Bb4 Ra4 33. Bd2 b5 34. Rc8 Rc4 35. Ra8 Bc3 36. Ra6+ Kf5 37. Bxc3 Rxc3 38. Ra5 Rb3 39. h4 h6 40. Ra7 g5 41. h5 g4 42. Rf7+ Kg5 43. Rg7+ Kxh5 44. Rxg4 Rb4 45. Kf1 Rc4 46. Ke2 b4 47. Rg1 Rd4 48. Rg8 Kh4 49. Rg4+ Kh5 50. Rg8 b3 51. Rb8 Kh4 52. Rxb3 h5 53. Rb8 Rd5 54. Rf8 Kg5 55. Rg8+ Kh6 56. Rf8 Rd4 57. Re8 Rd6 58. Rh8+ Kg5 59. Rg8+ Kf5 60. Rh8 Kg6 61. Rg8+ Kf7 62. Rh8 Rd5 63. Rh7+ Kg6 64. Rh8 Kg7 65. Re8 h4 66. Re4 Rf5 67. Kf1 Kg6 68. Kg2 Kg5 69. Re8 Rf6 70. Rg8+ Rg6 71. Rxg6+ Kxg6 72. Kh3 Kh5 1/2-1/2

[Event "SVK-chT4 A21 1819"]
[Site "Slovakia"]
[Date "2019.01.20"]
[Round "7.2"]
[White "Hrubos, Milan"]
[Black "Moravec, Milan"]
[Result "1/2-1/2"]
[WhiteElo "1754"]
[BlackElo "1641"]
[PlyCount "83"]
[EventDate "2018.10.14"]
[EventType "team-tourn"]
[EventRounds "11"]
[EventCountry "SVK"]
[SourceTitle "CBM 189 Extra"]
[Source "ChessBase"]
[SourceDate "2019.06.03"]
[SourceVersion "1"]
[SourceVersionDate "2019.06.03"]
[SourceQuality "1"]
[WhiteTeam "Holic II"]
[BlackTeam "Kopcany"]
[WhiteTeamCountry "SVK"]
[BlackTeamCountry "SVK"]

1. e4 e6 2. d4 d5 3. Nc3 dxe4 4. Nxe4 Nd7 5. Nf3 Ngf6 6. Ng3 Be7 7. Bd3 0-0 8. h3 b6 9. 0-0 Bb7 10. c4 c5 11. dxc5 Nxc5 12. Be2 Qxd1 13. Rxd1 Rfd8 14. Be3 Nce4 15. Nxe4 Nxe4 16. Nd4 Bc5 17. Rac1 Bxd4 18. Bxd4 Rd7 19. Be3 Rad8 20. Rxd7 Rxd7 21. Rd1 Rxd1+ 22. Bxd1 e5 23. f3 Nd6 24. Bb3 Nf5 25. Bf2 Ne7 26. c5 bxc5 27. Bxc5 Nc6 28. Bd5 a6 29. b4 Nd8 30. Bc4 Nc6 31. Kf2 g6 32. Ke3 Kg7 33. a4 f5 34. g3 Kf6 35. Bxa6 Bxa6 36. b5 Bxb5 37. axb5 Na5 38. Bb4 Nb7 39. Bc3 Ke6 40. f4 exf4+ 41. gxf4 Kd5 42. Bd4 1/2-1/2

[Event "SVK-chT3A2 1617"]
[Site "Slovakia"]
[Date "2017.03.05"]
[Round "10.5"]
[White "Hrubos, Milan"]
[Black "Bugar, Peter"]
[Result "0-1"]
[WhiteElo "1797"]
[BlackElo "1880"]
[PlyCount "48"]
[EventDate "2016.10.16"]
[EventType "team-tourn"]
[EventRounds "11"]
[EventCountry "SVK"]
[SourceTitle "EXT 2020"]
[Source "ChessBase"]
[SourceDate "2019.10.17"]
[SourceVersion "1"]
[SourceVersionDate "2019.10.17"]
[SourceQuality "1"]
[WhiteTeam "Holic"]
[BlackTeam "Dunajska Streda II"]
[WhiteTeamCountry "SVK"]
[BlackTeamCountry "SVK"]

1. e4 e6 2. d4 d5 3. Nd2 c5 4. exd5 Qxd5 5. dxc5 Nf6 6. Ngf3 Qxc5 7. Nb3 Qc7 8. Bd3 Nbd7 9. 0-0 Be7 10. c3 0-0 11. Be3 b6 12. a4 Bb7 13. Nbd4 a6 14. Ng5 Bd6 15. f4 h6 16. Ndxe6 fxe6 17. Nxe6 Qc6 18. Rf3 Rfe8 19. f5 Re7 20. Bf4 Bxf4 21. Nxf4 Ng4 22. Ne6 Nde5 23. Rg3 Rxe6 24. fxe6 Qc5+ 0-1

[Event "SVK-chT3A2 1617"]
[Site "Slovakia"]
[Date "2016.10.30"]
[Round "2.4"]
[White "Hrubos, Milan"]
[Black "Bahna, Jan"]
[Result "1-0"]
[WhiteElo "1797"]
[BlackElo "1880"]
[PlyCount "77"]
[EventDate "2016.10.16"]
[EventType "team-tourn"]
[EventRounds "11"]
[EventCountry "SVK"]
[SourceTitle "EXT 2020"]
[Source "ChessBase"]
[SourceDate "2019.10.17"]
[SourceVersion "1"]
[SourceVersionDate "2019.10.17"]
[SourceQuality "1"]
[WhiteTeam "Holic"]
[BlackTeam "Trnava Lokomotiva III"]
[WhiteTeamCountry "SVK"]
[BlackTeamCountry "SVK"]

1. e4 e5 2. Nf3 Nc6 3. Bb5 a6 4. Ba4 b5 5. Bb3 Nf6 6. 0-0 d6 7. Re1 Be7 8. h3 Na5 9. c3 Nxb3 10. axb3 Bb7 11. d3 0-0 12. Be3 c5 13. Nbd2 Re8 14. Nf1 Bf8 15. Ng3 g6 16. Bg5 h6 17. Be3 Rc8 18. Qd2 Kh7 19. c4 b4 20. Nh2 Bg7 21. f4 exf4 22. Bxf4 Ng8 23. Nf3 Qf6 24. Re2 Qd8 25. Nf1 Ne7 26. Ne3 Ra8 27. g4 f5 28. Nd5 fxg4 29. hxg4 Nxd5 30. cxd5 Qf6 31. Rf1 Rf8 32. Rh2 Bc8 33. Bxh6 Kg8 34. Bxg7 Qxg7 35. Qg5 Ra7 36. Rh6 Rf6 37. Nh4 Rxf1+ 38. Kxf1 Rf7+ 39. Ke1 1-0

[Event "SVK-chT5 1516"]
[Site "Slovakia"]
[Date "2015.12.19"]
[Round "4.1"]
[White "Hrubos, Milan"]
[Black "Diviak, Rastislav"]
[Result "0-1"]
[WhiteElo "1766"]
[BlackElo "1942"]
[PlyCount "54"]
[EventDate "2015.10.24"]
[EventType "team-tourn"]
[EventRounds "9"]
[EventCountry "SVK"]
[SourceTitle "CBM 170 Extra"]
[Source "ChessBase"]
[SourceDate "2016.02.25"]
[SourceVersion "1"]
[SourceVersionDate "2016.02.25"]
[SourceQuality "1"]
[WhiteTeam "Holic II"]
[BlackTeam "Senica III"]
[WhiteTeamCountry "SVK"]
[BlackTeamCountry "SVK"]

1. e4 c5 2. Nf3 a6 3. d4 cxd4 4. Nxd4 Nf6 5. Nc3 e5 6. Nf3 Bb4 7. Bd3 d5 8. Qe2 d4 9. a3 Qa5 10. Rb1 Bxc3+ 11. bxc3 dxc3 12. 0-0 0-0 13. Rb3 Bg4 14. Bg5 Nbd7 15. Bxf6 Nxf6 16. h3 Bxf3 17. Qxf3 b5 18. Qf5 Qc7 19. f4 Nd7 20. Be2 exf4 21. Rxf4 Ne5 22. Rb4 Rad8 23. Rf1 Rd2 24. Bd1 Rfd8 25. Rb1 Nc4 26. Qf3 Nxa3 27. Rc1 b4 0-1

[Event "SVK-chT4 A21 1516"]
[Site "Slovakia"]
[Date "2015.12.13"]
[Round "5.3"]
[White "Keller, Jozef"]
[Black "Hrubos, Milan"]
[Result "1/2-1/2"]
[WhiteElo "1594"]
[BlackElo "1766"]
[PlyCount "49"]
[EventDate "2015.10.04"]
[EventType "team-tourn"]
[EventRounds "11"]
[EventCountry "SVK"]
[SourceTitle "CBM 170 Extra"]
[Source "ChessBase"]
[SourceDate "2016.02.25"]
[SourceVersion "1"]
[SourceVersionDate "2016.02.25"]
[SourceQuality "1"]
[WhiteTeam "Vrbove II"]
[BlackTeam "Gbely Nafta III"]
[WhiteTeamCountry "SVK"]
[BlackTeamCountry "SVK"]

1. d4 d5 2. Nf3 c6 3. Bf4 Nf6 4. e3 e6 5. c4 Nbd7 6. Nc3 a6 7. a3 Be7 8. Rc1 Nh5 9. Be5 Nxe5 10. Nxe5 Nf6 11. Bd3 0-0 12. 0-0 dxc4 13. Bxc4 c5 14. dxc5 Bxc5 15. Qxd8 Rxd8 16. Na4 Ba7 17. Bb3 Bd7 18. Rfd1 Bxa4 19. Rxd8+ Rxd8 20. Bxa4 Nd5 21. Rd1 Bb8 22. Nf3 Bc7 23. e4 Nf6 24. Rxd8+ Bxd8 25. Bc2 1/2-1/2

[Event "SVK-chT5 SE-SI 1415"]
[Site "Slovakia"]
[Date "2015.03.21"]
[Round "11.1"]
[White "Hrubos, Milan"]
[Black "Ulehla, Jakub"]
[Result "1-0"]
[WhiteElo "1771"]
[BlackElo "1479"]
[PlyCount "61"]
[EventDate "2014.10.18"]
[EventType "team-tourn"]
[EventRounds "11"]
[EventCountry "SVK"]
[SourceTitle "EXT 2022"]
[Source "ChessBase"]
[SourceDate "2021.10.06"]
[SourceVersion "1"]
[SourceVersionDate "2021.10.06"]
[SourceQuality "1"]
[WhiteTeam "Holic III"]
[BlackTeam "Senica CVC"]
[WhiteTeamCountry "SVK"]
[BlackTeamCountry "SVK"]

1. e4 e5 2. Nf3 Nc6 3. Bb5 a6 4. Ba4 Nf6 5. 0-0 d6 6. Re1 Be7 7. h3 b5 8. Bb3 Na5 9. c3 Nxb3 10. axb3 0-0 11. d4 exd4 12. Nxd4 c5 13. Nc6 Qc7 14. Nxe7+ Qxe7 15. Bf4 Rd8 16. Nd2 Qc7 17. c4 b4 18. Qc2 Qc6 19. Bg5 Kh8 20. Re3 Re8 21. Bxf6 gxf6 22. Rf3 Rg8 23. Re1 Rg6 24. Nf1 Bb7 25. Ng3 Rag8 26. Qd3 h5 27. Rf5 Rg5 28. h4 Rxf5 29. Nxf5 Rd8 30. Qf3 Kg8 31. Ne7+ 1-0

[Event "SVK-chT3A2 1415"]
[Site "Slovakia"]
[Date "2015.02.22"]
[Round "9.1"]
[White "Hrubos, Milan"]
[Black "Vogl, Zdenek"]
[Result "0-1"]
[WhiteElo "1771"]
[BlackElo "1909"]
[PlyCount "112"]
[EventDate "2014.10.19"]
[EventType "team-tourn"]
[EventRounds "11"]
[EventCountry "SVK"]
[SourceTitle "EXT 2019"]
[Source "ChessBase"]
[SourceDate "2018.10.10"]
[SourceVersion "1"]
[SourceVersionDate "2018.10.10"]
[SourceQuality "1"]

1. e4 e5 2. Nf3 Nc6 3. Bb5 a6 4. Ba4 Nf6 5. 0-0 b5 6. Bb3 Be7 7. Re1 0-0 8. d4 exd4 9. Nxd4 Nxd4 10. e5 Ne8 11. Qxd4 c5 12. Qe4 Rb8 13. c3 Bb7 14. Qg4 d6 15. Bf4 Bc8 16. Qg3 dxe5 17. Bxe5 Bd6 18. Bc2 Bxe5 19. Qxe5 Bb7 20. Rd1 Qc7 21. Qxc7 Nxc7 22. Nd2 Ne6 23. Ne4 Rbd8 24. Nd6 Ba8 25. a4 b4 26. Ne4 b3 27. Bd3 c4 28. Bxc4 Bxe4 29. Bxb3 Rb8 30. Bxe6 fxe6 31. b4 Bd5 32. a5 Rfc8 33. Rac1 Rc4 34. f3 Rbc8 35. Rd3 Rxb4 36. cxb4 Rxc1+ 37. Kf2 Rc4 38. Ra3 Rxb4 39. g4 Kf7 40. h4 Rb3 41. Rxb3 Bxb3 42. f4 Ke7 43. Ke3 Kd6 44. Kd4 Kc6 45. g5 Kb5 46. Ke5 Kxa5 47. Kd6 Kb6 48. Ke7 Kc6 49. Kf8 Kd6 50. Kxg7 Bc2 51. h5 a5 52. g6 hxg6 53. h6 g5 54. fxg5 a4 55. g6 a3 56. h7 a2 0-1

[Event "SVK-chT3A2 1415"]
[Site "Slovakia"]
[Date "2014.11.16"]
[Round "3.1"]
[White "Hrubos, Milan"]
[Black "Ulehla, Jakub"]
[Result "0-1"]
[WhiteElo "1771"]
[BlackElo "1479"]
[PlyCount "73"]
[EventDate "2014.10.19"]
[EventType "team-tourn"]
[EventRounds "11"]
[EventCountry "SVK"]
[SourceTitle "EXT 2019"]
[Source "ChessBase"]
[SourceDate "2018.10.10"]
[SourceVersion "1"]
[SourceVersionDate "2018.10.10"]
[SourceQuality "1"]

1. e4 e5 2. f4 Bc5 3. Nf3 d6 4. Bc4 Nc6 5. c3 Bg4 6. b4 Bb6 7. a4 a6 8. d3 Nf6 9. h3 Bxf3 10. Qxf3 0-0 11. f5 Ne7 12. Be3 Bxe3 13. Qxe3 d5 14. Bb3 Nc6 15. exd5 Nxd5 16. Bxd5 Qxd5 17. 0-0 Kh8 18. Nd2 Rad8 19. Rf3 Ne7 20. Ne4 Qc6 21. f6 Ng6 22. Qg5 h6 23. Qg3 Rg8 24. fxg7+ Rxg7 25. Rf6 Qd7 26. Qe3 Kh7 27. Raf1 Nf4 28. R1xf4 exf4 29. Qxf4 Qxh3 30. Qf5+ Qxf5 31. Rxf5 Rxd3 32. Re5 Rg6 33. Rf5 Kg7 34. Kf2 c6 35. Ke2 Rd5 36. Rf4 Re6 37. Kf3 0-1

[Event "SVK-chT5 SE-SI 1415"]
[Site "Slovakia"]
[Date "2014.11.15"]
[Round "3.1"]
[White "Klimes, Juraj"]
[Black "Hrubos, Milan"]
[Result "0-1"]
[WhiteElo "1565"]
[BlackElo "1771"]
[PlyCount "62"]
[EventDate "2014.10.18"]
[EventType "team-tourn"]
[EventRounds "11"]
[EventCountry "SVK"]
[SourceTitle "EXT 2022"]
[Source "ChessBase"]
[SourceDate "2021.10.06"]
[SourceVersion "1"]
[SourceVersionDate "2021.10.06"]
[SourceQuality "1"]
[WhiteTeam "Sastin Straze"]
[BlackTeam "Holic III"]
[WhiteTeamCountry "SVK"]
[BlackTeamCountry "SVK"]

1. e4 c5 2. Nf3 d6 3. c3 Nf6 4. Be2 Nxe4 5. Qa4+ Nc6 6. Qxe4 e5 7. Qc2 Be7 8. d3 Be6 9. Be3 f5 10. d4 f4 11. Bd2 0-0 12. dxe5 dxe5 13. Bd3 h6 14. Na3 a6 15. Rd1 Qc7 16. 0-0 b5 17. Be4 Bd6 18. b3 Rae8 19. Nh4 Ne7 20. Bh7+ Kh8 21. Ng6+ Nxg6 22. Bxg6 Re7 23. Rfe1 Bg4 24. f3 Bd7 25. Qd3 c4 26. bxc4 Bxa3 27. cxb5 Bc5+ 28. Kh1 Bf2 29. Re2 Bxb5 30. c4 Bxc4 31. Qc3 Bxe2 0-1

[Event "SVK-chT3A2 1213"]
[Site "Slovakia"]
[Date "2013.03.10"]
[Round "10.4"]
[White "Hrubos, Milan"]
[Black "Lezovic, Maros"]
[Result "0-1"]
[WhiteElo "1786"]
[BlackElo "1762"]
[PlyCount "104"]
[EventDate "2012.10.07"]
[EventType "team-tourn"]
[EventRounds "11"]
[EventCountry "SVK"]
[SourceTitle "EXT 2015"]
[Source "ChessBase"]
[SourceDate "2014.11.20"]
[SourceVersion "1"]
[SourceVersionDate "2014.11.20"]
[SourceQuality "1"]
[WhiteTeam "Holic"]
[BlackTeam "Trnava Modranka"]
[WhiteTeamCountry "SVK"]
[BlackTeamCountry "SVK"]

1. e4 e5 2. Nf3 Nc6 3. Bb5 d6 4. d4 Bd7 5. d5 Nb8 6. Bd3 g6 7. c4 Bg7 8. Nc3 Ne7 9. 0-0 0-0 10. Be3 f5 11. exf5 Nxf5 12. Bg5 Bf6 13. Bxf6 Qxf6 14. Ne4 Qe7 15. Rc1 Nh4 16. Nxh4 Qxh4 17. Ng3 Bg4 18. Qd2 Bf5 19. Nxf5 gxf5 20. g3 Qf6 21. b4 Nd7 22. c5 e4 23. Be2 Ne5 24. Kg2 Qg6 25. f4 Ng4 26. Bxg4 Qxg4 27. h3 Qg6 28. Rc3 Rae8 29. Re3 h5 30. h4 Rf7 31. Kh2 Rg7 32. Rg1 Qf6 33. Rg2 Rg4 34. Qb2 Qd8 35. a4 Kf7 36. Qc3 Reg8 37. Kg1 R8g6 38. Rc2 Qxh4 39. Rg2 Qf6 40. Qxf6+ Rxf6 41. Rc3 Ke7 42. Rh2 Rh6 43. Kf2 h4 44. Rh3 hxg3+ 45. Rhxg3 Rh2+ 46. Kg1 Rhh4 47. b5 dxc5 48. Kf2 Rxg3 49. Rxg3 Rxf4+ 50. Ke3 Rf3+ 51. Rxf3 exf3 52. Kxf3 Kd6 0-1

[Event "SVK-chT3A2 1213"]
[Site "Slovakia"]
[Date "2013.01.27"]
[Round "7.5"]
[White "Hrubos, Milan"]
[Black "Cebo, Vladimir"]
[Result "1-0"]
[WhiteElo "1786"]
[BlackElo "1627"]
[PlyCount "67"]
[EventDate "2012.10.07"]
[EventType "team-tourn"]
[EventRounds "11"]
[EventCountry "SVK"]
[SourceTitle "EXT 2015"]
[Source "ChessBase"]
[SourceDate "2014.11.20"]
[SourceVersion "1"]
[SourceVersionDate "2014.11.20"]
[SourceQuality "1"]
[WhiteTeam "Holic"]
[BlackTeam "Hlohovec SK Zentiva"]
[WhiteTeamCountry "SVK"]
[BlackTeamCountry "SVK"]

1. e4 e5 2. f4 exf4 3. Nf3 d6 4. Bc4 Nc6 5. d4 Bg4 6. 0-0 h6 7. Bxf4 Nf6 8. Nc3 Be7 9. Qd2 Nxe4 10. Bxf7+ Kxf7 11. Nxe4 Rf8 12. Bxh6 Bxf3 13. Rxf3+ Kg8 14. Rxf8+ Kxf8 15. Rf1+ Kg8 16. Be3 d5 17. Ng3 Qd7 18. c3 Rf8 19. Rxf8+ Kxf8 20. Qf2+ Kg8 21. Qf3 Qe6 22. b4 a6 23. Nh5 Qf7 24. Nf4 Bd6 25. Qxd5 Qxd5 26. Nxd5 b5 27. Bf4 Bxf4 28. Nxf4 Nb8 29. Kf2 Kf7 30. Ke3 c6 31. Ke4 g6 32. Ke5 g5 33. Ne6 g4 34. Kd6 1-0

[Event "SVK-chT3A2 1011"]
[Site "Slovakia"]
[Date "2011.04.03"]
[Round "11.6"]
[White "Markuliak, Mario"]
[Black "Hrubos, Milan"]
[Result "1/2-1/2"]
[WhiteElo "1864"]
[BlackElo "1802"]
[PlyCount "52"]
[EventDate "2010.10.17"]
[EventType "team-tourn"]
[EventRounds "11"]
[EventCountry "SVK"]
[SourceTitle "EXT 2019"]
[Source "ChessBase"]
[SourceDate "2018.10.10"]
[SourceVersion "1"]
[SourceVersionDate "2018.10.10"]
[SourceQuality "1"]
[WhiteTeam "Cífer"]
[BlackTeam "Holic"]
[WhiteTeamCountry "SVK"]
[BlackTeamCountry "SVK"]

1. c4 Nf6 2. Nc3 d5 3. cxd5 Nxd5 4. g3 e5 5. Bg2 Nxc3 6. bxc3 c6 7. Rb1 Bd6 8. Nf3 0-0 9. 0-0 Nd7 10. d4 exd4 11. cxd4 Nf6 12. Re1 Ne4 13. Bd2 Qe7 14. Qb3 Rb8 15. Bb4 Be6 16. Bxd6 Qxd6 17. Qb4 Qxb4 18. Rxb4 a5 19. Ra4 Ra8 20. Ra3 Bd5 21. Ne5 f6 22. Bxe4 Bxe4 23. Nd7 Rfd8 24. Nc5 Rxd4 25. Nxb7 a4 26. Nc5 Bd5 1/2-1/2

[Event "SVK-chT3A2 1011"]
[Site "Slovakia"]
[Date "2010.12.12"]
[Round "5.7"]
[White "Hrubos, Milan"]
[Black "Vach, Jozef"]
[Result "1/2-1/2"]
[WhiteElo "1802"]
[BlackElo "1900"]
[PlyCount "45"]
[EventDate "2010.10.17"]
[EventType "team-tourn"]
[EventRounds "11"]
[EventCountry "SVK"]
[SourceTitle "EXT 2012"]
[Source "ChessBase"]
[SourceDate "2011.11.24"]
[SourceVersion "1"]
[SourceVersionDate "2011.11.24"]
[SourceQuality "1"]
[WhiteTeam "Holic"]
[BlackTeam "Skalica"]
[WhiteTeamCountry "SVK"]
[BlackTeamCountry "SVK"]

1. e4 e5 2. Nf3 Nc6 3. Bb5 a6 4. Ba4 Nf6 5. 0-0 Be7 6. Re1 b5 7. Bb3 d6 8. c3 Na5 9. Bc2 c5 10. d4 Qc7 11. a4 Bb7 12. d5 Nc4 13. Nbd2 Nxd2 14. Bxd2 0-0 15. Qe2 Qd7 16. b4 c4 17. Ra2 Rfc8 18. Rea1 Ne8 19. Bg5 h6 20. Bxe7 Qxe7 21. axb5 axb5 22. Ra5 Qd7 23. Nh4 1/2-1/2

[Event "SVK-chT3A2 0910"]
[Site "Slovakia"]
[Date "2010.02.28"]
[Round "9.5"]
[White "Zlamal, Marek"]
[Black "Hrubos, Milan"]
[Result "0-1"]
[WhiteElo "1505"]
[BlackElo "1854"]
[PlyCount "88"]
[EventDate "2009.10.18"]
[EventType "team-tourn"]
[EventRounds "11"]
[EventCountry "SVK"]
[SourceTitle "EXT 2011"]
[Source "ChessBase"]
[SourceDate "2010.11.26"]
[SourceVersion "1"]
[SourceVersionDate "2010.11.26"]
[SourceQuality "1"]
[WhiteTeam "Skalica II"]
[BlackTeam "Holic"]
[WhiteTeamCountry "SVK"]
[BlackTeamCountry "SVK"]

1. e4 e5 2. Nf3 Nc6 3. d3 Nf6 4. Bg5 h6 5. Bh4 Be7 6. Nc3 d6 7. Bg3 Bg4 8. Be2 0-0 9. h3 Bxf3 10. Bxf3 Nd4 11. Nd5 Nxd5 12. exd5 Qd7 13. c3 Nxf3+ 14. Qxf3 c6 15. dxc6 bxc6 16. Qe2 f5 17. f4 exf4 18. Bxf4 Bh4+ 19. Kd2 Rae8 20. Qf3 d5 21. g3 Bd8 22. Be3 Bb6 23. Bxb6 axb6 24. Rh2 d4 25. Re1 dxc3+ 26. bxc3 Qa7 27. Ra1 Qa3 28. Kc2 Qa4+ 29. Kd2 f4 30. gxf4 Rxf4 31. Qg3 Ref8 32. Rg2 g5 33. Qe3 Qb5 34. Qe6+ Kg7 35. Rc1 Qb2+ 36. Rc2 Rf2+ 37. Ke3 Qxc2 38. Qe7+ R8f7 39. Qe5+ R7f6 40. Qe7+ Kg6 41. Qe8+ Kg7 42. Qe7+ Rf7 43. Qe5+ Kf8 44. Qd6+ Re7+ 0-1

[Event "SVK-chT3A2 0910"]
[Site "Slovakia"]
[Date "2010.01.31"]
[Round "7.6"]
[White "Zajicek, Ferdinand"]
[Black "Hrubos, Milan"]
[Result "1/2-1/2"]
[WhiteElo "1924"]
[BlackElo "1854"]
[PlyCount "90"]
[EventDate "2009.10.18"]
[EventType "team-tourn"]
[EventRounds "11"]
[EventCountry "SVK"]
[SourceTitle "EXT 2011"]
[Source "ChessBase"]
[SourceDate "2010.11.26"]
[SourceVersion "1"]
[SourceVersionDate "2010.11.26"]
[SourceQuality "1"]
[WhiteTeam "Gbely"]
[BlackTeam "Holic"]
[WhiteTeamCountry "SVK"]
[BlackTeamCountry "SVK"]

1. e4 e5 2. Nf3 Nc6 3. Bc4 Bc5 4. Nc3 Nf6 5. d3 0-0 6. Be3 Bxe3 7. fxe3 d6 8. h3 Be6 9. Bb3 Na5 10. 0-0 Nxb3 11. axb3 a6 12. Rf2 b5 13. Ne2 c5 14. Ng3 h6 15. Qe2 Nd7 16. Nh2 Nb6 17. Raf1 c4 18. bxc4 bxc4 19. d4 exd4 20. exd4 d5 21. e5 Ra7 22. Nh5 Re7 23. Qe3 Nd7 24. Nxg7 Kxg7 25. Qg3+ Kh7 26. Ng4 Bxg4 27. Qxg4 f5 28. exf6 Nxf6 29. Rxf6 Rxf6 30. Rxf6 Re1+ 31. Rf1 Rxf1+ 32. Kxf1 Qf6+ 33. Ke2 Qe7+ 34. Kd2 Qb4+ 35. Ke3 Qxb2 36. Qf5+ Kg7 37. Qe5+ Kh7 38. Qe7+ Kg6 39. Qe6+ Kg7 40. Qd7+ Kg6 41. Qe6+ Kg7 42. Qg4+ Kh7 43. Qd7+ Kg6 44. Qe8+ Kg7 45. Qe5+ Kh7 1/2-1/2

[Event "SVK-chT3A2 0910"]
[Site "Slovakia"]
[Date "2009.12.13"]
[Round "5.6"]
[White "Hrubos, Milan"]
[Black "Hrubsa, Marian"]
[Result "1-0"]
[WhiteElo "1854"]
[BlackElo "1930"]
[PlyCount "93"]
[EventDate "2009.10.18"]
[EventType "team-tourn"]
[EventRounds "11"]
[EventCountry "SVK"]
[SourceTitle "EXT 2011"]
[Source "ChessBase"]
[SourceDate "2010.11.26"]
[SourceVersion "1"]
[SourceVersionDate "2010.11.26"]
[SourceQuality "1"]
[WhiteTeam "Holic"]
[BlackTeam "Skalica"]
[WhiteTeamCountry "SVK"]
[BlackTeamCountry "SVK"]

1. e4 e6 2. d4 d5 3. Nc3 Nf6 4. Bg5 Be7 5. e5 Nfd7 6. Bxe7 Qxe7 7. f4 Nb6 8. Nf3 Bd7 9. b3 a6 10. Be2 Nc6 11. 0-0 f5 12. a4 Na5 13. Qd2 Qb4 14. Qe3 Qe7 15. Ne1 0-0 16. Nd3 Be8 17. Nc5 Rb8 18. Bf3 Nd7 19. Nxe6 c6 20. Nxf8 Kxf8 21. Ne2 b6 22. Nc1 Qe6 23. Nd3 Nf6 24. Qe1 Ne4 25. Bxe4 dxe4 26. Nb4 Rd8 27. Rd1 Bf7 28. Qe3 Qe7 29. Na2 Nb7 30. c4 Qa3 31. Rf2 Qe7 32. Nc3 Na5 33. d5 c5 34. d6 Qd7 35. Nd5 Rb8 36. Nc7 Nc6 37. Rfd2 a5 38. Qh3 Kg8 39. Nd5 Nd4 40. Rxd4 cxd4 41. Rxd4 Be6 42. Nc7 g5 43. fxg5 Rc8 44. Nxe6 Qxe6 45. Rxe4 Rd8 46. Re3 Qg6 47. Qh6 1-0

[Event "SVK-chT3A2 0910"]
[Site "Slovakia"]
[Date "2009.10.24"]
[Round "2.6"]
[White "Hrubos, Milan"]
[Black "Vegh, Vince"]
[Result "0-1"]
[WhiteElo "1854"]
[BlackElo "1920"]
[PlyCount "71"]
[EventDate "2009.10.18"]
[EventType "team-tourn"]
[EventRounds "11"]
[EventCountry "SVK"]
[SourceTitle "EXT 2011"]
[Source "ChessBase"]
[SourceDate "2010.11.26"]
[SourceVersion "1"]
[SourceVersionDate "2010.11.26"]
[SourceQuality "1"]
[WhiteTeam "Holic"]
[BlackTeam "Velky Meder"]
[WhiteTeamCountry "SVK"]
[BlackTeamCountry "SVK"]

1. e4 c5 2. Nf3 Nc6 3. d4 cxd4 4. Nxd4 e5 5. Nb5 d6 6. c4 a6 7. N5a3 Nf6 8. Bg5 Be7 9. Bxf6 Bxf6 10. Nc3 0-0 11. Nc2 Bg5 12. g3 Kh8 13. Bg2 f5 14. h4 Be7 15. Qd3 Qb6 16. 0-0-0 Qxf2 17. Rd2 Qb6 18. Nd5 Qd8 19. Nxe7 Qxe7 20. Qxd6 Qxd6 21. Rxd6 f4 22. gxf4 Rxf4 23. Rf1 Rxf1+ 24. Bxf1 Bg4 25. Bd3 Rd8 26. Rxd8+ Nxd8 27. Ne3 Bf3 28. b4 Ne6 29. Nd5 g5 30. hxg5 Nxg5 31. Nc3 h5 32. Kd2 h4 33. Be2 h3 34. Ke3 h2 35. Bxf3 Nxf3 36. Kxf3 0-1